| 000 | 01348cam a22003737a 4500 | ||
|---|---|---|---|
| 003 | CHAP | ||
| 005 | 20251107115950.0 | ||
| 008 | 971013s1989 r 00010 d | ||
| 010 | _a332 | ||
| 011 | _a1304 | ||
| 035 | _a480 | ||
| 040 | _cCHAP | ||
| 090 | _aTesis | ||
| 100 | 1 | 0 |
_aTorres Hernández, Heriberto _9114134 |
| 245 | 1 | 3 | _aEl procesamiento industrial del limón mexicano (Citrus aurantifolia, Swingle) en Cítricos de Colima, S. A. de C. V.; Tecomán, Col. : bases para su modelación y optimización parcial |
| 260 |
_aChapingo, Méx. : _bEl autor, _c1989 |
||
| 300 | _a204 h. | ||
| 500 | _a36-40 | ||
| 502 | _aTesis (Ing. Agrindustrial) -- UACH. Departamento de Ingeniería Agroindustrial | ||
| 590 |
_aALEPH _b10 _c20130110 _lUCH01 _h1205 |
||
| 590 |
_aBATCH-UPD _b10 _c20130110 _lUCH01 _h0217 |
||
| 590 |
_aBATCH-UPD _b10 _c20130110 _lUCH01 _h2135 |
||
| 590 |
_aBATCH-UPD _b10 _c20130409 _lUCH01 _h2236 |
||
| 590 |
_aBATCH-UPD _b10 _c20130410 _lUCH01 _h1444 |
||
| 590 |
_aBATCH-UPD _b10 _c20130914 _lUCH01 _h1725 |
||
| 590 |
_aCONVERSION _b10 _c20130109 _lUCH01 _h1302 |
||
| 650 | 1 | 4 |
_aLimón _xColima. _966817 |
| 650 | 1 | 4 |
_aLimón _xIndustria. _966834 |
| 700 | 0 |
_aIbarra Moncada, María Carmen. _957181 |
|
| 901 | _aBK | ||
| 942 | _cTESIS | ||
| 949 |
_bBC _cTES _d33724000866315 _eTS1 _h22608 _i480 _si |
||
| 949 |
_bIA _cTES _d-1316 _eTS1 _i480 _si |
||
| 999 |
_c332 _d332 |
||